Missing Word: #1 Hits of 2000 Quiz Stats

 Plays Quiz Updated Aug 3, 2014

     
Support Sporcle.
Go Orange.
Score 0/13 Timer 02:00
0 Plays Today
#1 Hit Song Missing Word % Correct
What a _____ WantsGirl
94%
Say My _____Name
93.5%
_____ God I Found YouThank
90.7%
_____ On Over Baby (All I Want Is You)Come
82.8%
Doesn't Really _____Matter
82.2%
With _____ Wide OpenArms
80.7%
I Knew I _____ YouLoved
77.2%
Everything You _____Want
69.7%
Be with _____You
66.8%
It's _____ Be MeGonna
57.1%
Maria _____Maria
50.1%
_____ Women Part IIndependent
44.4%
_____ AgainTry
22%

Today's Daily Dose

Get the Picture
Alien TV Shows

From the Vault

Singer to Soundtrack Match

by gingerlover

Music 4m
The Magic Carpet could really use some seat belts.
Remove Ads.
Support Sporcle.
Get the best of Sporcle when you Go Orange. This ad-free experience offers more features, more stats, and more fun while also helping to support Sporcle. Thank you for becoming a member.

Show Comments

Extras

Top Quizzes Today


Score Distribution

Your Account Isn't Verified!

In order to create a playlist on Sporcle, you need to verify the email address you used during registration. Go to your Sporcle Settings to finish the process.

Report this User

Report this user for behavior that violates our Community Guidelines.

Details: